Catálogo

LEGISLACION COMPARADA DE JUSTICIA ADMINISTRATIVA (Registro nro. 23647)

Detalles MARC
000 -LEADER
fixed length control field 00487nam a2200157 a 4500
001 - CONTROL NUMBER
control field 23647
005 - DATE AND TIME OF LATEST TRANSACTION
control field 20180713221736.0
008 - FIXED-LENGTH DATA ELEMENTS--GENERAL INFORMATION
fixed length control field 140415s1987 000 0 spa d
041 ## - LANGUAGE CODE
Language code of text/sound track or separate title spa
082 ## - DEWEY DECIMAL CLASSIFICATION NUMBER
Classification number 343.04
Item number MEX
100 1# - MAIN ENTRY--PERSONAL NAME
Personal name MEXICO. CODIGOS Y LEYES DE MEXICO
245 10 - TITLE STATEMENT
Title LEGISLACION COMPARADA DE JUSTICIA ADMINISTRATIVA
260 ## - PUBLICATION, DISTRIBUTION, ETC.
Place of publication, distribution, etc. [s.l.] :
Name of publisher, distributor, etc. DEPARTAMENTO DE LA SECRETARIA DE HACIENDA Y CRE...,
Date of publication, distribution, etc. 1987
300 ## - PHYSICAL DESCRIPTION
Extent 657
650 14 - SUBJECT ADDED ENTRY--TOPICAL TERM
Topical term or geographic name entry element DERECHO FISCAL
General subdivision LEGISLACION
Existencias
Withdrawn status Lost status Source of classification or shelving scheme Damaged status Not for loan Collection code Home library Current library Shelving location Date acquired Source of acquisition Inventory number Total Checkouts Full call number Barcode Date last seen Date last checked out Price effective from Koha item type
    Dewey Decimal Classification     General Biblioteca Karol Wojtyla Biblioteca Karol Wojtyla Sala general 03/12/2013 Compra 151000000000000000047123 1 343.04 MEX 44496 05/01/2026 22/01/2020 03/12/2013 Libro